000 00619nam a2200193 a 4500
005 20240910064054.0
008 991125s1991 mx 000 0 spa u
020 _a9684961812
035 _aUPN01000003273
049 _aSEP
050 4 _aRC565
_bA57
245 0 0 _aAntropología del alcoholismo en México :
_blos límites culturales de la economía política (1930-1979) /
_ced. Eduardo L. Menéndez.
260 _aMéxico :
_bCIESAS :
_bSEP,
_c1991.
300 _a398 p.
440 0 _aEdiciones de La Casa Chata ;
_v36
650 4 _aAlcoholismo
_92121
700 1 _aMenéndez, Eduardo L.,
_eed.
_929305
905 _aLibro
999 _c3273
_d3273